Mikrobiologické a technologické aspekty výroby tradičných syrov zo surového mlieka

Saved in:
Bibliographic Details
Main Author: Šipošová, Petra (Author)
Other Authors: Medveďová, Alžbeta (Thesis advisor)
Format: Manuscript Book
Language:Slovak
Published: 2021
Subjects:
Online Access:http://is.stuba.sk/zp/portal_zp.pl?podrobnosti=145782
Tags: Add Tag
No Tags, Be the first to tag this record!

MARC

LEADER 00000ntm a22000003a 4500
001 stuzp66208
003 SK-STU
005 20210911210228.9
007 ta
008 150427s2015----xo-----f-mn---000-0-slo-d
040 |a STU  |b slo 
041 0 |a slo 
100 1 |a Šipošová, Petra  |u 040270  |4 aut  |U FCHPT Ústav potravinárstva a výživy  |T FCHPT Oddelenie výživy a hodnotenia kvality potravín  |X 60562  |U C0270  |Y 686  |7 60562 
242 0 1 |a Microbiological and technological aspects of traditional raw milk cheeses production  |y eng 
245 1 0 |a Mikrobiologické a technologické aspekty výroby tradičných syrov zo surového mlieka 
260 |c 2021 
650 4 |a Geotrichum candidum  |2 slo 
650 4 |a prediktívna mikrobiológia  |2 slo 
650 4 |a syry zo surového mlieka  |2 slo 
650 4 |a baktérie mliečneho kysnutia  |2 slo 
650 4 |a raw milk cheeses  |2 eng 
650 4 |a lactic acid bacteria  |2 eng 
650 4 |a Geotrichum candidum  |2 eng 
650 4 |a predictive microbiology  |2 eng 
700 1 |a Medveďová, Alžbeta  |u 040270  |k Z1  |4 ths  |U FCHPT Ústav potravinárstva a výživy  |T FCHPT Oddelenie výživy a hodnotenia kvality potravín  |X 19372  |U C0270  |Y 686  |7 A000019372 
856 4 |u http://is.stuba.sk/zp/portal_zp.pl?podrobnosti=145782